52 Simple stimulating studies. (Record no. 3771)

000 -LEADER
fixed length control field 00554nam a2200181 a 4500
001 - CONTROL NUMBER
control field :::00001506$&:&@@
003 - CONTROL NUMBER IDENTIFIER
control field OkBaRHE
005 - DATE AND TIME OF LATEST TRANSACTION
control field 20000607103244.0
008 - FIXED-LENGTH DATA ELEMENTS--GENERAL INFORMATION
fixed length control field j 000 0 eng u
040 ## - CATALOGING SOURCE
Transcribing agency
100 1# - MAIN ENTRY--PERSONAL NAME
Personal name Hunt, Donald G.
245 10 - TITLE STATEMENT
Title 52 Simple stimulating studies.
260 ## - PUBLICATION, DISTRIBUTION, ETC. (IMPRINT)
Place of publication, distribution, etc Ottumwa, IA., :
Name of publisher, distributor, etc The Voice of Evangelism
Date of publication, distribution, etc nd
300 ## - PHYSICAL DESCRIPTION
Extent 168 p. ;
Dimensions 21 cm.
650 ## - SUBJECT ADDED ENTRY--TOPICAL TERM
Topical term or geographic name as entry element Bible
General subdivision Study
-- Outlines, Syllabi, etc.
942 ## - ADDED ENTRY ELEMENTS (KOHA)
Source of classification or shelving scheme
Koha item type Books
Copies
Damaged status Date acquired Lost status Barcode Permanent Location Source of classification or shelving scheme Shelving location Not for loan Withdrawn status Koha item type Copy number Full call number Price effective from Date last seen
 2010-04-14 1506RHEMA Bible Training College General Stacks  Books1BS 591 .H82010-04-142018-03-12